Statistiques concernant Daft Punk - Paroles de One More Time

Cliquez ici pour prendre le quiz!

Statistiques générales

  • Ce quiz a été pris 67 fois
  • Le résultat moyen est 137 sur 223

Statistiques - réponses

Paroles% Correct
more
100%
on,
100%
One
100%
time
100%
A
81%
celebrate
71%
Celebrate
71%
We
68%
yeah,
63%
yeah
63%
Oh
62%
the
62%
you
62%
You
62%
gonna
57%
do
52%
free
52%
so
52%
dancing
51%
it
49%
Don't
48%
don't
48%
feeling
48%
stop
48%
got
44%
We're
44%
we're
44%
all
43%
Celebration
43%
celebration
43%
right,
43%
right
43%
dance
41%
Music's
40%
and
38%
no
35%
tonight
33%
Tonight
33%
can't
32%
me
32%
Mmm...
30%
Just
27%
just
27%
Come
24%
too
24%
I'm
22%
late
21%
wait
21%
know
17%
Need,
16%
need
16%
Hey!
13%
of
6%

Distribution des résultats

Percentile par nombre de réponses

% des personnes avec chaque résultat

Votre développement - résultats

Vous n’avez pas pris ce quiz